London Convention and Protocol : step-by-step guidance on simple approaches to creating and using action lists and action levels for dredged material (Record no. 12391)

000 -LEADER
fixed length control field 00480nam a22001337a 4500
008 - FIXED-LENGTH DATA ELEMENTS--GENERAL INFORMATION
fixed length control field 230510b 2020 ||||| |||| 00| 0 eng d
020 ## - INTERNATIONAL STANDARD BOOK NUMBER
International Standard Book Number 9789280100464
082 ## - DEWEY DECIMAL CLASSIFICATION NUMBER
Classification number 344.046343
Item number IMO
110 ## - MAIN ENTRY--CORPORATE NAME
Corporate name or jurisdiction name as entry element IMO
245 ## - TITLE STATEMENT
Title London Convention and Protocol : step-by-step guidance on simple approaches to creating and using action lists and action levels for dredged material
260 ## - PUBLICATION, DISTRIBUTION, ETC. (IMPRINT)
Place of publication, distribution, etc London
Name of publisher, distributor, etc IMO ( International Maritime Organization)
Date of publication, distribution, etc 2020
300 ## - PHYSICAL DESCRIPTION
Extent iii, 74p.
942 ## - ADDED ENTRY ELEMENTS (KOHA)
Item type Books
Holdings
Withdrawn status Lost status Source of classification or shelving scheme Damaged status Not for loan Collection code Permanent location Current location Shelving location Date acquired Full call number Barcode Date last seen Koha item type Public note
          Non-fiction IMU-MPC Library IMU-MPC Library General Stacks 2023-05-10 344.046343 IMO MPC6750 2025-03-17 Books IMO SHELF
Copyright © 2021 Indian Maritime University, Mumbai Port Campus. All Rights Reserved. Managed & Maintained by Central Library, IMU-Mumbai

webs counters

Powered by Koha